[Event "Tarragona-chB"]
[Site "Tarragona"]
[Date "2017.10.22"]
[Round "3"]
[White "Lorenzo Carrasco, Josep"]
[Black "Bellido Gonzalez, Santiago"]
[Result "1/2-1/2"]
[WhiteElo "1526"]
[BlackElo "1605"]
[PlyCount "129"]
[EventDate "2017.10.08"]
[EventType "swiss"]
[EventRounds "9"]
[EventCountry "ESP"]
[SourceTitle "CBM 181 Extra"]
[Source "ChessBase"]
[SourceDate "2017.12.12"]
[SourceVersion "1"]
[SourceVersionDate "2017.12.12"]
[SourceQuality "1"]

1. e4 c5 2. Nc3 d6 3. Nf3 Nc6 4. d4 cxd4 5. Nxd4 a6 6. Be3 Bd7 7. Qd2 Nf6 8. Be2 Ng4 9. Bxg4 Bxg4 10. h3 Bd7 11. 0-0-0 b5 12. Nb3 Ne5 13. Nd5 Nc4 14. Qd3 Nxe3 15. Qxe3 Rb8 16. Rd3 e6 17. Nf4 Be7 18. Rhd1 0-0 19. Kb1 b4 20. Rxd6 Bxd6 21. Rxd6 Qc7 22. Rxa6 Rfc8 23. Na1 Qc4 24. Qd3 Qc7 25. Rd6 Bb5 26. Qd4 Rd8 27. e5 f6 28. Nxe6 Rxd6 29. Qxd6 Qxd6 30. exd6 Re8 31. a3 bxa3 32. Nc7 Re1+ 33. Ka2 axb2 34. Kxb2 Bd7 35. Nb3 Rd1 36. c4 Rxd6 37. c5 Rd1 38. h4 Rf1 39. Kc3 Rxf2 40. Nd4 Rxg2 41. c6 Bxc6 42. Nxc6 Rg3+ 43. Kd2 Rh3 44. Ne7+ Kf7 45. Nf5 Kg6 46. Ne7+ Kh5 47. Nf5 g6 48. Ng7+ Kxh4 49. Nd5 Rh2+ 50. Ke3 Ra2 51. Nxf6 Ra7 52. Nge8 Re7+ 53. Kd4 g5 54. Nd6 Re6 55. Nf5+ Kh3 56. Nxh7 Rg6 57. Ke4 g4 58. Kf4 g3 59. Nxg3 Rxg3 60. Ng5+ Kg2 61. Ne4 Ra3 62. Ng5 Ra4+ 63. Ne4 Kh3 64. Kf3 Rxe4 65. Kxe4 1/2-1/2

[Event "Mollerussa op-B"]
[Site "Mollerusa"]
[Date "1997.??.??"]
[Round "2"]
[White "Biosca Lacasa, Jordi"]
[Black "Bellido Gonzalez, Santiago"]
[Result "0-1"]
[WhiteElo "1915"]
[BlackElo "1830"]
[PlyCount "106"]
[EventDate "1997.??.??"]
[EventType "swiss"]
[EventRounds "8"]
[EventCountry "ESP"]
[SourceTitle "EXT 2003"]
[Source "ChessBase"]
[SourceDate "2002.11.25"]
[SourceVersion "1"]
[SourceVersionDate "2002.11.25"]
[SourceQuality "1"]

1. e4 c5 2. g3 d6 3. Bg2 Nf6 4. Nc3 Nc6 5. d3 Bg4 6. Nge2 Qc8 7. 0-0 e5 8. f4 Bh3 9. f5 Bxg2 10. Kxg2 g6 11. fxg6 hxg6 12. Ng1 Nh5 13. Qf3 Qd7 14. Nd5 Bg7 15. Bg5 Nd4 16. Qf2 f5 17. c3 Ne6 18. Bc1 0-0 19. Ne2 fxe4 20. Qe3 Rxf1 21. Kxf1 Rf8+ 22. Kg2 exd3 23. Qxd3 Qf7 24. Be3 Bh8 25. Ng1 Nhg7 26. Rf1 Nf5 27. Bh6 Bg7 28. Bc1 Nc7 29. Nxc7 Qxc7 30. Qd5+ Qf7 31. Qd3 c4 32. Qf3 d5 33. Qf2 d4 34. cxd4 exd4 35. g4 Qd5+ 36. Kh3 Ne3 37. Bxe3 Rxf2 38. Bxf2 d3 39. Be3 Bxb2 40. Kg3 c3 41. Bh6 c2 42. Nf3 d2 43. Bxd2 Qxa2 44. Bh6 c1Q 45. Rxc1 Bxc1 46. Bxc1 a5 47. h4 a4 48. h5 gxh5 49. gxh5 a3 50. h6 Qa1 51. Be3 a2 52. Ng5 Qe1+ 53. Bf2 Qxf2+ 0-1

[Event "Mollerussa op-B"]
[Site "Mollerusa"]
[Date "1997.??.??"]
[Round "3"]
[White "Sola Sendra, Francesco"]
[Black "Bellido Gonzalez, Santiago"]
[Result "1-0"]
[WhiteElo "1870"]
[BlackElo "1830"]
[PlyCount "53"]
[EventDate "1997.??.??"]
[EventType "swiss"]
[EventRounds "8"]
[EventCountry "ESP"]
[SourceTitle "EXT 2003"]
[Source "ChessBase"]
[SourceDate "2002.11.25"]
[SourceVersion "1"]
[SourceVersionDate "2002.11.25"]
[SourceQuality "1"]

1. d4 d5 2. c4 e5 3. dxe5 d4 4. Nf3 Nc6 5. e3 Bg4 6. exd4 Bxf3 7. Qxf3 Nxd4 8. Qe4 Bb4+ 9. Bd2 Nc6 10. Nc3 Qe7 11. 0-0-0 Qxe5 12. Qxe5+ Nxe5 13. Nb5 Bd6 14. c5 a6 15. cxd6 axb5 16. dxc7 Ne7 17. Bxb5+ N7c6 18. Bxc6+ Nxc6 19. Rhe1+ Kf8 20. Bb4+ Kg8 21. Be7 h6 22. b4 Kh7 23. b5 Nxe7 24. Rxe7 Rxa2 25. Rd8 Ra8 26. Rxh8+ Rxh8 27. Rd7 1-0